000 01377nam2a22002411 4500
001 rc\4840739
005 20250612193600.0
021 _aRU
_bРг3725-67
035 _a(NLR Aleph) 008809904
090 _a8155255
_c8155255
100 _a20130426d1966 |||y0rusy50 ca
101 0 _arus
102 _aRU
105 _ay z |||||
200 1 _aЭлектрические машины, источники и преобразователи тока
210 _d1966
_aБ. м.
215 _a271 с.
461 0 _1001rc\4840736
_12001#$aПрейскурант типовых ремонтных работ судов типа "Казбек"$e[Ч. 1]-$fСССР. М-во мор. флота. Черномор. пароходство. Туапсин. судостроительный завод им. Дзержинского$vЧ. 3. Раздел 8
_98155240
_aЧерноморское морское пароходство
_c[Москва]
_d1965
_fСССР. М-во мор. флота. Черномор. пароходство. Туапсин. судостроительный завод им. Дзержинского
_nБ. и.
_o[Ч. 1]-
_tПрейскурант типовых ремонтных работ судов типа "Казбек"
_vЧ. 3. Раздел 8
801 0 _aRU
_bNLR
_gpsbo
801 1 _aRU
_bELAR
_2rusmarc
852 _aNLR
_jПт 90.1/195
942 _cBOOK
980 _aNB